Statistics for Indian Cities By Pictures

Click here to take the quiz!

General Stats

  • This quiz has been taken 221 times
  • The average score is 6 of 12

Answer Stats

Answer% Correct
Delhi
95%
Kolkata
90%
Mumbai
88%
Hyderabad
84%
Jaipur
62%
Chennai
59%
Shimla
43%
Lucknow
35%
Pondicherry
26%
Gangtok
15%
Aizawl
4%
Kohima
3%

Score Distribution

Percentile by Number Answered

Percent of People with Each Score

Your Score History

You have not taken this quiz